000
00295nam a2200133Ia 4500
008
100328s9999 xx 000 0 und d
082
_b
602
100
_a
Hume David
245
_a
Five Aces
260
_b
Forty-Eighty Pall Mall
630
_a
Five Aces
730
_a
Five Aces
942
_c
BOOK
999
_c
496933
_d
496930